| 000 | 00343pab a2200145 454500 | ||
|---|---|---|---|
| 008 | 180718b1985 xxu||||| |||| 00| 0 eng d | ||
| 100 | _aRaman, H. | ||
| 245 |
_aFootwear _bDeveloping trends |
||
| 260 | _c1985 | ||
| 300 | _a255-63 | ||
| 362 | _a10 Aug. | ||
| 650 | _aLeather Industry and Trade - India | ||
| 773 | _aCommerce | ||
| 909 | _a12437 | ||
| 999 |
_c12437 _d12437 |
||